000 00505nam a2200169 i 4500
001 40515
003 ES-MaACL
005 20230906160237.0
007 t|
008 030306s1958 cu ||||1| spa d
100 1 _aCardoso, Onelio Jorge.
_935204
245 1 3 _aEl cuentero /
_cpor Onelio Jorge Cardoso.
260 _a[La Habana] :
_bUniversidad Central de las Villas,
_c1958.
300 _a152 p. ;
_c20 cm.
710 2 _aUniversidad Central de Las Villas.
_97082
852 _aES-MaACL
_jC-17252
_bR.43850
999 _c40515
_d40515